Painting the town red / William W. Johnstone and ... Read More
Available copies
- 2 of 2 copies available at LARL/NWRL Consortium.
- 2 of 2 copies available at Lake Agassiz Regional Library. (Show preferred library)
Current holds
0 current holds with 2 total copies.
View other formats and editions
Show Only Available Copies
| Location | Call Number / Copy Notes | Barcode | Shelving Location | Status | Due Date |
|---|---|---|---|---|---|
| Climax Public Library | LARGE PRINT W JOH (Text) | 33500014388201 | New | Available | - |
| Fertile Public Library | LARGE PRINT W JOH (Text) | 33500014388219 | New | Available | - |
Record details
- ISBN: 9781420531886
- ISBN: 1420531883
- Physical Description: 495 pages (large print) ; 23 cm
- Edition: Large print edition.
- Publisher: [Waterville, Maine] : Thorndike Press Large Print, [2026]
- Copyright: ©2025
Content descriptions
| Summary, etc.: | Ever since the silver market crashed, the mining ... Read More |
Search for related items by subject
| Subject: | Silver mines and mining > Colorado > Fiction. United States marshals > Fiction. Gunfighters > Fiction. Murder > Fiction. Outlaws > Fiction. |
| Genre: | Western fiction. Historical fiction. Action and adventure fiction. Large print books. |
Search for related items by series
| LDR | 02686cam a2200541 i 4500 | ||
|---|---|---|---|
| 001 | 489017 | ||
| 003 | LARL_NWRL_CONSORTIUM | ||
| 005 | 20260602161523.0 | ||
| 008 | 251119t20262025meu d 000 1 eng d | ||
| 040 | . | ‡aIG# ‡beng ‡erda ‡cIG# ‡dNK1 ‡dOCLCO ‡dIFK ‡dLE# ‡dKSL ‡dNOQ ‡dJTH ‡dOCLCQ ‡dZHI ‡dAUNTL ‡dOCLCO | |
| 020 | . | ‡a9781420531886 ‡q(hardcover) | |
| 020 | . | ‡a1420531883 ‡q(hardcover) | |
| 035 | . | ‡a(OCoLC)1557606949 | |
| 082 | 0 | 4. | ‡aJOHNSTO ‡bWill |
| 100 | 1 | . | ‡aJohnstone, William W., ‡eauthor. ‡1https://id.oclc.org/worldcat/entity/E39PBJfWYFK8HqQW8kJ3CPk4bd ‡0(LARL_NWRL_CONSORTIUM)91523 |
| 245 | 1 | 0. | ‡aPainting the town red / ‡cWilliam W. Johnstone and J. A. Johnstone. |
| 250 | . | ‡aLarge print edition. | |
| 264 | 1. | ‡a[Waterville, Maine] : ‡bThorndike Press Large Print, ‡c[2026] | |
| 264 | 4. | ‡c©2025 | |
| 300 | . | ‡a495 pages (large print) ; ‡c23 cm | |
| 336 | . | ‡atext ‡btxt ‡2rdacontent | |
| 337 | . | ‡aunmediated ‡bn ‡2rdamedia | |
| 338 | . | ‡avolume ‡bnc ‡2rdacarrier | |
| 340 | . | ‡nlarge print ‡2rdafs | |
| 341 | 0 | . | ‡atextual ‡blargePrint ‡2sapdv |
| 490 | 0 | . | ‡aDead Broke, Colorado ; ‡v2 |
| 520 | . | ‡aEver since the silver market crashed, the mining town of Dead Broke has been awfully quiet. But that's about to end. After getting trapped in a cave-in, Mayor Nugget unearths a massive boulder of pure zinc carbonate. When word gets out, an outlaw gang arrives. The mayor receives an invitation to display his boulder at Buffalo Bill's Wild West Show in Chicago, but there's one problem: getting it there without getting killed. Thanks to all the publicity, every greedy sidewinder in the West knows which train they're taking. And once the shooting starts, this train will be dead on arrival. | |
| 650 | 0. | ‡aSilver mines and mining ‡zColorado ‡vFiction. | |
| 650 | 0. | ‡aUnited States marshals ‡vFiction. ‡0(LARL_NWRL_CONSORTIUM)167792 | |
| 650 | 0. | ‡aGunfighters ‡vFiction. | |
| 650 | 0. | ‡aMurder ‡vFiction. ‡0(LARL_NWRL_CONSORTIUM)165989 | |
| 650 | 0. | ‡aOutlaws ‡vFiction. ‡0(LARL_NWRL_CONSORTIUM)166527 | |
| 655 | 7. | ‡aWestern fiction. ‡2lcgft | |
| 655 | 7. | ‡aHistorical fiction. ‡2lcgft | |
| 655 | 7. | ‡aAction and adventure fiction. ‡2lcgft | |
| 655 | 7. | ‡aLarge print books. ‡2lcgft | |
| 700 | 1 | . | ‡aJohnstone, J. A., ‡eauthor. ‡1https://id.oclc.org/worldcat/entity/E39PCjyJv4XkRTCpGMXCXb9ftq ‡0(LARL_NWRL_CONSORTIUM)196048 |
| 901 | . | ‡a489017 ‡bAUTOGEN ‡c489017 ‡tbiblio | |

Add to basket
Permalink
Disable Highlighting